K recepcii komunitarizmu v súčasnej slovenskej spoločnosti

Bibliographic Details
Main Author: Turčan, Ľudovít, 1939-2021 (Author)
Format: Article
Language:Slovak
PhysicalDescription:Grafy 2, lit. 8 zázn. v angl., češ., slov.
ISSN:0049-1225
Subjects:

MARC

LEADER 00000nab a2200000 a 4500
001 vtls000525288
003 SK-MaSNL
005 20260426080318.0
008 250425c1993 xo 0 slo
015 |a SNBRB19rr/mm-uuuuu 
035 |a CL0525426 
035 |a urn:nbn:sk:snk-ab2bpa 
035 |a (urnnbn)urn:nbn:sk:snk:ar-a0239p 
035 |a (uuid)65fdbbc7-2d54-4c01-b62c-593b7647c75b 
040 |a SNKBUCL  |b slo  |c SNKBUCL  |e AACR2 
041 0 |a slo 
044 |a xo  |c SK 
080 |a 301.15/.18(437.6)  |2 1981 
100 1 |a Turčan, Ľudovít,  |d 1939-2021  |4 aut  |9 165515 
245 1 0 |a K recepcii komunitarizmu v súčasnej slovenskej spoločnosti  |c Ľudovít Turčan 
300 |b Grafy 2, lit. 8 zázn. v angl., češ., slov. 
650 0 7 |a občianska spoločnosť  |2 snkbucl  |9 4424 
650 0 7 |a komunitarizmus  |2 snkbucl  |9 4691 
651 7 |a Slovensko  |2 snkbucl  |9 14231 
655 7 |a články z novín a časopisov  |2 snkbucl  |9 267496 
773 0 |t Sociológia  |g Roč. 25, č. 3 (1993), s. 233-240  |x 0049-1225 
850 |a Slovenská národná knižnica 
852 |a Slovenská národná knižnica 
954 |a odborná, vedecká literatúra pôvodná (slovenská)  |2 lita 
958 |a article27 
958 |a NB 
958 |a RK 
958 |a NX 
958 |a OND 
958 |a EUIPO 
992 |a RBX 
999 |c 2804261  |d 2806191